000 00490nam a2200181Ia 4500
005 20250508150906.0
008 008 250505s9999 xx 000 0 eng d
037 _aTextual
040 _aFEDL
_beng
_cFEDL
041 _aeng
_2eng
084 _a917.3, YAT
_qFEDL
100 _aYates Elizabeth
_9757915
245 0 _aYoung traveller in the U.S.A
260 _aLondon, UK
_bPhoenix House
_c1955
300 _a151p.
942 _cTEXL
_h917.3, YAT
999 _c1326337
_d1326337